| 000 | 00412nam a2200157Ia 4500 | ||
|---|---|---|---|
| 008 | 230718s9999 xx 000 0 und d | ||
| 041 | _aeng | ||
| 082 |
_a005.3 _bGOO |
||
| 100 |
_aGoodwill J. _9108985 |
||
| 245 |
_aPure JSP _bJava Server Pages |
||
| 260 |
_c2000 _bTechmedia publication |
||
| 300 | _a320 | ||
| 365 |
_cRs. _b150.00 |
||
| 700 |
_aGoodwill J. _9108985 |
||
| 906 |
_dB:BY NIIT13-Oct-2005 _cCOMP _b20 |
||
| 999 |
_c309059 _d309059 |
||